スマブラSP 勇者の下必殺ワザ - Statistics

General Stats
  • This quiz has been taken 17 times
  • The average score is 15 of 21
Answer Stats
Answer % Correct
メガンテ
100%
ホイミ
100%
ルーラ
100%
マダンテ
86%
ザキ
79%
バイキルト
79%
ベギラマ
71%
ザラキ
71%
まじん斬り
71%
メタル斬り
71%
マヒャド斬り
71%
ギラ
64%
かえん斬り
64%
ラリホー
64%
ためる
64%
アストロン
64%
イオ
57%
パルプンテ
57%
ピオリム
57%
マホカンタ
57%
イオナズン
50%
No matching quizzes found
Score Distribution
Percent of People with Each Score
Percentile by Number Answered
Your Score History
You have not taken this quiz